[Event "GER-ch 75th"]
[Site "Hoeckendorf"]
[Date "2004.02.07"]
[Round "9"]
[White "Bauer, Eckart"]
[Black "Budde, Vladimir"]
[Result "1-0"]
[WhiteElo "2276"]
[BlackElo "2309"]
[EventDate "2004.01.30"]
[PlyCount "79"]

1. f4 Nf6 2. Nf3 c5 3. g3 g6 4. Bg2 Bg7 5. O-O O-O 6. d3 d5 7. Nc3 d4 8. Ne4 Nxe4 9. dxe4 Qb6 10. h3 Rd8 11. g4 Nd7 12. Qe1 Nf8 13. e5 f6 14. b3 a5 15. Nd2 a4 16. Nc4 Qc7 17. Bd2 Ra6 18. exf6 exf6 19. f5 axb3 20. cxb3 Qe7 21. a4 b6 22. Qg3 Bb7 23. Rae1 Bxg2 24. Qxg2 g5 25. Qf3 h6 26. e3 d3 27. e4 Rd4 28. e5 b5 29. axb5 Ra2 30. Bc3 d2 31. Rd1 Rd8 32. e6 h5 33. Qe4 Nd7 34. Qb7 Rc2 35. Bxd2 Bf8 36. Ba5 Rb8 37. Qxd7 hxg4 38. hxg4 Ra8 39. b6 Ra2 40. Rf2 1-0

[Event "GER-ch 75th"]
[Site "Hoeckendorf"]
[Date "2004.02.07"]
[Round "9"]
[White "Bischoff, Klaus"]
[Black "Rabiega, Robert"]
[Result "1/2-1/2"]
[WhiteElo "2561"]
[BlackElo "2527"]
[EventDate "2004.01.30"]
[PlyCount "26"]

1. c4 e5 2. g3 Nf6 3. Bg2 c6 4. d4 exd4 5. Qxd4 d5 6. Nf3 Be6 7. cxd5 cxd5 8. O-O Nc6 9. Qa4 Bc5 10. Bg5 O-O 11. Nc3 h6 12. Bxf6 Qxf6 13. Ne1 Rfd8 1/2-1/2

[Event "GER-ch 75th"]
[Site "Hoeckendorf"]
[Date "2004.02.07"]
[Round "9"]
[White "Braun, Arik"]
[Black "Mainka, Romuald"]
[Result "1/2-1/2"]
[WhiteElo "2429"]
[BlackElo "2456"]
[EventDate "2004.01.30"]
[PlyCount "92"]

1. d4 Nf6 2. c4 c5 3. d5 b5 4. Nf3 g6 5. cxb5 a6 6. Qc2 Bg7 7. Qxc5 d6 8. Qd4 O-O 9. e4 Bb7 10. Qb4 axb5 11. Nc3 Na6 12. Qxb5 Nc5 13. Be3 Ba6 14. Qb4 Rb8 15. Bxc5 Rxb4 16. Bxb4 Bxf1 17. Rxf1 Qb6 18. a3 Rc8 19. h3 h6 20. Ke2 Qa6+ 21. Ke3 Qb6+ 22. Ke2 Qa6+ 23. Ke3 h5 24. Kf4 h4 25. Kg5 Qd3 26. Rae1 Rxc3 27. Bxc3 Nxe4+ 28. Kxh4 Nxc3 29. bxc3 Bxc3 30. Rd1 Bf6+ 31. Kg4 Qxa3 32. Rfe1 Kg7 33. h4 Bc3 34. Rf1 Qa4+ 35. Kg3 Qe4 36. Rh1 f6 37. Rhf1 Kh6 38. Kh2 g5 39. hxg5+ fxg5 40. Kg1 Kg6 41. Nh2 Bb4 42. Kh1 Bc3 43. Kg1 g4 44. Kh1 Kg5 45. f3 gxf3 46. Rxf3 Be5 1/2-1/2

[Event "GER-ch 75th"]
[Site "Hoeckendorf"]
[Date "2004.02.07"]
[Round "9"]
[White "Degtiarev, Evgeny"]
[Black "Stanke, Juergen"]
[Result "1/2-1/2"]
[WhiteElo "2281"]
[BlackElo "2313"]
[EventDate "2004.01.30"]
[PlyCount "110"]

1. d4 Nf6 2. c4 e6 3. Nc3 d5 4. Nf3 Nbd7 5. cxd5 exd5 6. Bf4 c6 7. e3 Nh5 8. Bg3 Nxg3 9. hxg3 Nf6 10. Bd3 Bd6 11. Qc2 Qe7 12. O-O-O g6 13. Rde1 Be6 14. Ng5 O-O-O 15. Nxe6 Qxe6 16. Kb1 Kb8 17. Ne2 Rhe8 18. a3 h5 19. b4 Ne4 20. Bxe4 dxe4 21. Kb2 Qf5 22. Nc3 a5 23. bxa5 Qxa5 24. Qa4 Qf5 25. Re2 Kc7 26. Rc2 Kd7 27. Qb3 Ra8 28. Ra1 Ra7 29. Kc1 Ke7 30. a4 Kf8 31. d5 Be5 32. dxc6 bxc6 33. Qb4+ Kg8 34. Raa2 Bg7 35. a5 Rd7 36. Rd2 Red8 37. a6 Bxc3 38. Qxc3 Qb5 39. Rxd7 Rxd7 40. Qc2 Ra7 41. Kd2 Qf1 42. Kc3 Rxa6 43. Rxa6 Qxa6 44. Qxe4 Qa3+ 45. Kd2 Qb2+ 46. Ke1 Qc3+ 47. Ke2 c5 48. f4 Qb2+ 49. Kf3 Qc1 50. Ke2 c4 51. Qe8+ Kg7 52. Qe5+ Kh7 53. Qd5 Qc2+ 54. Kf3 Kg7 55. Qe5+ Kg8 1/2-1/2

[Event "GER-ch 75th"]
[Site "Hoeckendorf"]
[Date "2004.02.07"]
[Round "9"]
[White "Dresen, Ulrich"]
[Black "Latzke, Boris Alexander"]
[Result "1/2-1/2"]
[WhiteElo "2312"]
[BlackElo "2246"]
[EventDate "2004.01.30"]
[PlyCount "63"]

1. d4 Nf6 2. Nf3 e6 3. c3 b6 4. Bg5 Bb7 5. Nbd2 Be7 6. e3 c5 7. Bd3 cxd4 8. cxd4 Nc6 9. a3 Nd5 10. Bxe7 Qxe7 11. O-O O-O 12. Qe2 d6 13. Rfc1 Rac8 14. Rc2 Rc7 15. Rac1 Rfc8 16. g3 Nb8 17. e4 Nf6 18. Nb1 Qd8 19. Nc3 a6 20. h3 b5 21. Nd2 b4 22. Ncb1 Rxc2 23. Rxc2 Rxc2 24. Bxc2 bxa3 25. bxa3 Nc6 26. Nf3 Qb6 27. Qd3 e5 28. d5 Nb8 29. Nbd2 Nbd7 30. Qc3 Nc5 31. Qb4 Qc7 32. Qc3 1/2-1/2

[Event "GER-ch 75th"]
[Site "Hoeckendorf"]
[Date "2004.02.07"]
[Round "9"]
[White "Espig, Lutz"]
[Black "Heinemann, Thies"]
[Result "1/2-1/2"]
[WhiteElo "2429"]
[BlackElo "2426"]
[EventDate "2004.01.30"]
[PlyCount "24"]

1. Nf3 c5 2. b3 d5 3. e3 Nc6 4. Bb2 Nf6 5. d4 e6 6. Bd3 Be7 7. O-O O-O 8. Ne5 Qb6 9. dxc5 Qxc5 10. Nxc6 Qxc6 11. Nd2 Rd8 12. Qe2 b6 1/2-1/2

[Event "GER-ch 75th"]
[Site "Hoeckendorf"]
[Date "2004.02.07"]
[Round "9"]
[White "Giessmann, Stephan"]
[Black "Reich, Thomas"]
[Result "0-1"]
[WhiteElo "2287"]
[BlackElo "2408"]
[EventDate "2004.01.30"]
[PlyCount "82"]

1. d4 g6 2. Nf3 Bg7 3. c3 Nf6 4. Bg5 Ne4 5. Bf4 b6 6. Nbd2 Bb7 7. Nxe4 Bxe4 8. e3 O-O 9. Bc4 d5 10. Bd3 Bxd3 11. Qxd3 Nd7 12. Rd1 e6 13. O-O c5 14. dxc5 Nxc5 15. Qe2 Qc8 16. Be5 Bxe5 17. Nxe5 Qc7 18. Nf3 Ne4 19. Nd2 Nxd2 20. Rxd2 Qc6 21. Rfd1 b5 22. Rd4 f5 23. f3 Qb6 24. Kh1 Rad8 25. Rb4 a6 26. a4 Rb8 27. axb5 axb5 28. h3 Rf7 29. Ra1 Rc7 30. Ra3 Rc4 31. Rab3 Qa6 32. e4 fxe4 33. fxe4 Qc6 34. exd5 exd5 35. Qe5 Re8 36. Qg3 Rce4 37. Rxb5 Re3 38. Qf4 d4 39. Rb7 Rxh3+ 40. Kg1 Re1+ 41. Kf2 Re2+ {Forcing mate in six: Erzwingt Matt in sechs:} 0-1

[Event "GER-ch 75th"]
[Site "Hoeckendorf"]
[Date "2004.02.07"]
[Round "9"]
[White "Gustafsson, Jan"]
[Black "Graf, Alexander"]
[Result "1/2-1/2"]
[WhiteElo "2572"]
[BlackElo "2629"]
[EventDate "2004.01.30"]
[PlyCount "21"]

1. Nf3 d5 2. d4 e6 3. c4 dxc4 4. e3 a6 5. Bxc4 c5 6. O-O b5 7. Bd3 Nd7 8. a4 b4 9. Nbd2 Ngf6 10. d5 Be7 11. Qe2 1/2-1/2

[Event "GER-ch 75th"]
[Site "Hoeckendorf"]
[Date "2004.02.07"]
[Round "9"]
[White "Kalinitschew, Sergey"]
[Black "Luther, Thomas"]
[Result "1/2-1/2"]
[WhiteElo "2519"]
[BlackElo "2572"]
[EventDate "2004.01.30"]
[PlyCount "23"]

1. d4 d5 2. c4 c6 3. Nc3 Nf6 4. cxd5 cxd5 5. Bf4 Nc6 6. e3 a6 7. Rc1 Bf5 8. Bd3 Bxd3 9. Qxd3 e6 10. Nf3 Bd6 11. Bxd6 Qxd6 12. O-O 1/2-1/2

[Event "GER-ch 75th"]
[Site "Hoeckendorf"]
[Date "2004.02.07"]
[Round "9"]
[White "Kritz, Leonid"]
[Black "Wegener, Olaf"]
[Result "1-0"]
[WhiteElo "2534"]
[BlackElo "2404"]
[EventDate "2004.01.30"]
[PlyCount "63"]

1. e4 c5 2. Nf3 d6 3. d4 cxd4 4. Nxd4 Nf6 5. Nc3 a6 6. Be3 e6 7. f3 b5 8. g4 Nfd7 9. Qd2 Nb6 10. O-O-O N8d7 11. Qf2 Bb7 12. Bd3 Rc8 13. Nce2 Qc7 14. Kb1 Nc5 15. g5 Nba4 16. Rd2 b4 17. h4 Qb8 18. Ka1 Nxd3 19. cxd3 Nc5 20. h5 a5 21. Rhd1 g6 22. f4 Bxe4 23. dxe4 Nxe4 24. Qh4 Nxd2 25. hxg6 Nc4 26. gxf7+ Kxf7 27. g6+ hxg6 28. Qxh8 Bg7 29. Qh3 Re8 30. Rg1 Qd8 31. Bf2 Qf6 32. Qd3 1-0

[Event "GER-ch 75th"]
[Site "Hoeckendorf"]
[Date "2004.02.07"]
[Round "9"]
[White "Meins, Gerlef"]
[Black "Gutman, Lev"]
[Result "0-1"]
[WhiteElo "2460"]
[BlackElo "2497"]
[EventDate "2004.01.30"]
[PlyCount "76"]

1. d4 Nf6 2. c4 e5 3. dxe5 Ne4 4. Qc2 Bb4+ 5. Bd2 Nxd2 6. Nxd2 Nc6 7. Ngf3 Qe7 8. a3 Bxd2+ 9. Qxd2 Nxe5 10. Nxe5 Qxe5 11. e3 d6 12. Be2 a5 13. O-O a4 14. Rfd1 O-O 15. Rac1 b6 16. Bf3 Ra5 17. Qb4 Be6 18. Bc6 Rb8 19. g3 h5 20. h4 Rc5 21. Bd5 b5 22. Bxe6 fxe6 23. cxb5 Rcxb5 24. Qxa4 Rxb2 25. Rxc7 Rf8 26. Rc2 Rxf2 27. Kxf2 Qf5+ 28. Kg1 Rxc2 29. Rf1 Qg6 30. Qf4 e5 31. Qf3 Kh7 32. e4 Rc4 33. Re1 d5 34. exd5 Rxh4 35. d6 Rg4 36. Kg2 e4 37. Qe3 h4 38. Kh1 Qxd6 0-1

[Event "GER-ch 75th"]
[Site "Hoeckendorf"]
[Date "2004.02.07"]
[Round "9"]
[White "Ott, Frank"]
[Black "Thinius, Marco"]
[Result "1/2-1/2"]
[WhiteElo "2313"]
[BlackElo "2387"]
[EventDate "2004.01.30"]
[PlyCount "86"]

1. e4 e5 2. Nf3 Nc6 3. Bb5 a6 4. Bxc6 dxc6 5. O-O f6 6. d4 exd4 7. Nxd4 c5 8. Nb3 Qxd1 9. Rxd1 Bg4 10. f3 Be6 11. Be3 b6 12. Nc3 Bd6 13. a4 Kf7 14. a5 c4 15. Nd4 b5 16. Nxe6 Kxe6 17. Nd5 Ne7 18. Nxe7 Bxe7 19. Kf2 Rhd8 20. Ke2 Bb4 21. Bd2 Bd6 22. g3 Be5 23. c3 Bd6 24. Bf4 Ra7 25. Bxd6 Rxd6 26. Rxd6+ cxd6 27. Rd1 Rb7 28. Rd4 b4 29. Rxc4 bxc3 30. bxc3 Rb5 31. Rc7 Rxa5 32. Rxg7 Ra2+ 33. Ke3 Rxh2 34. Ra7 Rc2 35. Kd4 Rd2+ 36. Ke3 Rc2 37. Kd3 Rf2 38. f4 f5 39. e5 dxe5 40. Rxa6+ Ke7 41. fxe5 Rf3+ 42. Kd4 Rxg3 43. Rh6 Rg6 1/2-1/2

[Event "GER-ch 75th"]
[Site "Hoeckendorf"]
[Date "2004.02.07"]
[Round "9"]
[White "Pohl, Walter"]
[Black "Dausch, Rene"]
[Result "1/2-1/2"]
[WhiteElo "2217"]
[BlackElo "2331"]
[EventDate "2004.01.30"]
[PlyCount "152"]

1. Nf3 Nf6 2. c4 g6 3. d4 Bg7 4. Nc3 d5 5. Bg5 Ne4 6. Bh4 Nxc3 7. bxc3 dxc4 8. Qa4+ Qd7 9. Qxc4 b6 10. e3 Ba6 11. Qb3 Bxf1 12. Kxf1 O-O 13. Ke2 Nc6 14. Rhd1 Na5 15. Qb4 Rfe8 16. Kf1 Qd5 17. Nd2 c5 18. Qb5 Rac8 19. a4 Qh5 20. Bg3 cxd4 21. Qxh5 gxh5 22. cxd4 Rc2 23. Nf3 Rec8 24. Ne1 R2c4 25. Nd3 h4 26. Bf4 e6 27. Ke2 Rc2+ 28. Kf3 Nb3 29. Ra3 Nd2+ 30. Kg4 Bf8 31. Raa1 Ne4 32. Kxh4 Be7+ 33. Kh3 Rxf2 34. Nxf2 Nxf2+ 35. Kg3 Nxd1 36. Rxd1 Rc4 37. e4 Kf8 38. d5 exd5 39. exd5 Ke8 40. d6 Bh4+ 41. Kf3 Kd7 42. g3 Bf6 43. Kg4 Rxa4 44. Kf5 Bd8 45. h4 Ra5+ 46. Ke4 Rc5 47. g4 b5 48. g5 a5 49. Be3 Rc4+ 50. Kd5 Rc3 51. Bd4 Rf3 52. Rc1 b4 53. Ke4 Rh3 54. Kd5 Rd3 55. Rf1 Bb6 56. Rxf7+ Ke8 57. Re7+ Kd8 58. Rb7 Bxd4 59. Kc6 Rc3+ 60. Kd5 Bf2 61. Rxh7 Rc5+ 62. Ke6 Bd4 63. Rb7 Re5+ 64. Kf7 Bc3 65. g6 Rf5+ 66. Ke6 Rf6+ 67. Kd5 Rxg6 68. Kc6 Kc8 69. Ra7 Kb8 70. Rxa5 b3 71. Rb5+ Kc8 72. Rxb3 Be5 73. Rd3 Rh6 74. Rd5 Bh2 75. Rd2 Rxh4 76. Rf2 Bxd6 1/2-1/2

[Event "GER-ch 75th"]
[Site "Hoeckendorf"]
[Date "2004.02.07"]
[Round "9"]
[White "Riegler, Dieter"]
[Black "Voigt, Roland"]
[Result "1/2-1/2"]
[WhiteElo "2182"]
[BlackElo "2381"]
[EventDate "2004.01.30"]
[PlyCount "59"]

1. d4 Nf6 2. c4 e6 3. Nc3 d5 4. cxd5 Nxd5 5. e4 Nxc3 6. bxc3 Be7 7. Nf3 O-O 8. Bc4 c5 9. O-O Nd7 10. Qe2 Qa5 11. Bb2 Rd8 12. Bb3 cxd4 13. cxd4 b6 14. Rfd1 Ba6 15. Qe3 Rac8 16. Rac1 Bb7 17. Nd2 b5 18. f3 Qb6 19. Rxc8 Rxc8 20. Nf1 a5 21. Rb1 h6 22. Kh1 a4 23. Bd1 Ba6 24. a3 Qa5 25. Be2 b4 26. Bxa6 Qxa6 27. axb4 Bxb4 28. d5 exd5 29. Qd4 Bf8 30. exd5 1/2-1/2

[Event "GER-ch 75th"]
[Site "Hoeckendorf"]
[Date "2004.02.07"]
[Round "9"]
[White "Scherer, Max"]
[Black "Heck, Norbert"]
[Result "1/2-1/2"]
[WhiteElo "2285"]
[BlackElo "2308"]
[EventDate "2004.01.30"]
[PlyCount "112"]

1. c4 Nf6 2. g3 c5 3. Bg2 e6 4. Nf3 d5 5. O-O Nc6 6. b3 Be7 7. d3 O-O 8. Nc3 b6 9. e4 d4 10. Ne2 e5 11. Nh4 g6 12. f4 Ng4 13. Nf3 Bf6 14. fxe5 Ngxe5 15. Nf4 Nxf3+ 16. Bxf3 Ne5 17. Nd5 Bg7 18. b4 Be6 19. Rb1 cxb4 20. Rxb4 Re8 21. Bg2 Rc8 22. Rb5 Bg4 23. Qd2 Bd7 24. Rb3 Rc5 25. Ba3 Ra5 26. Bb4 Ra4 27. Qf2 Be6 28. h3 h5 29. a3 Nc6 30. Nf4 Qd7 31. Kh2 Nxb4 32. axb4 b5 33. Nd5 bxc4 34. dxc4 Be5 35. h4 Rb8 36. Rf3 a5 37. Bh3 Rb7 38. Bxe6 Qxe6 39. Qc2 Qc6 40. Rf6 d3 41. Qb3 Bxf6 42. Rxf6 Raxb4 43. Qxb4 Qxd5 44. exd5 axb4 45. d6 d2 46. Rf1 b3 47. c5 b2 48. Rb1 Rb3 49. c6 Rd3 50. c7 d1=Q 51. c8=Q+ Kh7 52. Rxd1 Rxd1 53. Qb7 b1=Q 54. Qxf7+ Kh6 55. Qf8+ Kh7 56. Qf7+ Kh6 1/2-1/2

[Event "GER-ch 75th"]
[Site "Hoeckendorf"]
[Date "2004.02.07"]
[Round "9"]
[White "Tischbierek, Raj"]
[Black "Preiss, Martin"]
[Result "1-0"]
[WhiteElo "2507"]
[BlackElo "2304"]
[EventDate "2004.01.30"]
[PlyCount "101"]

1. e4 d6 2. d4 Nf6 3. Nc3 g6 4. Be3 c6 5. Qd2 Nbd7 6. Nf3 b5 7. Bd3 Bg7 8. O-O O-O 9. a4 b4 10. Ne2 a5 11. Ng3 e5 12. dxe5 dxe5 13. c3 c5 14. Rfd1 Qe7 15. Bb5 Rd8 16. cxb4 axb4 17. Qc2 Bb7 18. a5 Rac8 19. h3 Ne8 20. Rac1 Bf8 21. Bxd7 Rxd7 22. Rxd7 Qxd7 23. Nxe5 Qc7 24. Nc4 Ra8 25. e5 Bc6 26. Ne4 Bb5 27. Ned2 Ra6 28. f4 Ng7 29. Qe4 Bc6 30. Qd3 Qb7 31. Qe2 Nf5 32. g4 Nd4 33. Qf2 Be7 34. Kh2 Qd7 35. Rf1 f6 36. f5 Bb7 37. e6 Qd5 38. Rg1 Kf8 39. Nb6 Bd6+ 40. Bf4 Nf3+ 41. Nxf3 Bxf4+ 42. Kg2 Rxb6 43. axb6 gxf5 44. Qe2 fxg4 45. e7+ Ke8 46. hxg4 Be5 47. Kf2 Kxe7 48. Rd1 Qe6 49. Nxe5 fxe5 50. Qe3 Kf7 51. Qxc5 1-0